<?xml version="1.0" encoding="UTF-8"?>
<record
    xmlns:xsi="http://www.w3.org/2001/XMLSchema-instance"
    xsi:schemaLocation="http://www.loc.gov/MARC21/slim http://www.loc.gov/standards/marcxml/schema/MARC21slim.xsd"
    xmlns="http://www.loc.gov/MARC21/slim">

  <leader>02643nam a2200325 a 4500</leader>
  <controlfield tag="003">OSt</controlfield>
  <controlfield tag="005">20210601152858.0</controlfield>
  <controlfield tag="008">190513s2017   dr  spa d</controlfield>
  <datafield tag="020" ind1=" " ind2=" ">
    <subfield code="a">9789945581850</subfield>
  </datafield>
  <datafield tag="040" ind1=" " ind2=" ">
    <subfield code="a">DO-SdBNP</subfield>
    <subfield code="b">spa</subfield>
    <subfield code="c">BNPHU</subfield>
  </datafield>
  <datafield tag="082" ind1=" " ind2="4">
    <subfield code="2">22</subfield>
    <subfield code="a">860.9</subfield>
    <subfield code="b">V162q</subfield>
  </datafield>
  <datafield tag="100" ind1=" " ind2=" ">
    <subfield code="a">Varela, Tanya V.</subfield>
    <subfield code="9">76409</subfield>
    <subfield code="d">1973-</subfield>
  </datafield>
  <datafield tag="245" ind1=" " ind2="3">
    <subfield code="a">El quiebre de los Dogmas :</subfield>
    <subfield code="b">debate feminista, transgresi&#xF3;n y duelo en textos de Gioconda Belli, Diamela Eltit y Cristina Peri Rossi /</subfield>
    <subfield code="c">Tanya V. Valera.</subfield>
  </datafield>
  <datafield tag="246" ind1="1" ind2="3">
    <subfield code="a">El  quiebre de los Dogmas </subfield>
  </datafield>
  <datafield tag="260" ind1=" " ind2=" ">
    <subfield code="a">San Juan, Puerto Rico:</subfield>
    <subfield code="b">Isla Negra,</subfield>
    <subfield code="c">2017.</subfield>
  </datafield>
  <datafield tag="300" ind1=" " ind2=" ">
    <subfield code="a">242 p. ;</subfield>
    <subfield code="c">23 cm. </subfield>
  </datafield>
  <datafield tag="490" ind1="1" ind2=" ">
    <subfield code="a">Visiones y cegueras </subfield>
  </datafield>
  <datafield tag="500" ind1=" " ind2=" ">
    <subfield code="a">Incluye datos biogr&#xE1;ficos del la autora en la solapa de la cubierta </subfield>
  </datafield>
  <datafield tag="500" ind1=" " ind2=" ">
    <subfield code="a">Bibliograf&#xED;a : p. 234-242
</subfield>
  </datafield>
  <datafield tag="505" ind1=" " ind2=" ">
    <subfield code="a"> Del Debate feminista de los ochenta al posfeminismo del nuevo milenio en Latinoam&#xE9;rica -- La mujer habitada --  Por la patria --  La nave de los locos --  Las ochentistas frente al nuevo milenio: rutas divergentes hacia el posfeminismo --  El duelo ante las trizas.</subfield>
  </datafield>
  <datafield tag="520" ind1=" " ind2=" ">
    <subfield code="a"> Este libro examina obras escogidas de estas renombradas escritoras con el objetivo de identificar los diferentes niveles de resistencia que emergen de sus textos frente a los discursos autoritarios y dogm&#xE1;ticos que prevalecen en Latinoam&#xE9;rica durante la d&#xE9;cada del ochenta, incluyendo el discurso feminista. A trav&#xE9;s de un an&#xE1;lisis comparativo, se discute en qu&#xE9; medida estas novelistas problematizan tanto el dogmatismo ideol&#xF3;gico como los residuos esencialistas que exhibe el feminismo latinoamericano de la d&#xE9;cada del ochenta, y proponen posibilidades alternativas de representaci&#xF3;n de g&#xE9;nero mediante b&#xFA;squeda est&#xE9;ticas innovadoras. Las ensayistas argumentan que mediante el "quiebre" ideol&#xF3;gico y est&#xE9;tico, estas autoras intentan, con mayor o menor &#xE9;xito, subvertir y desmantelar tajantemente nociones tales como "patriarcado", "femineidad", "maternidad" y "familia", liberando a sus respectivos textos e pesadas cargas categoriales y manteniendo la ambig&#xFC;edad necesaria para que estos conceptos pol&#xED;ticamente irresueltos contin&#xFA;en produci&#xE9;ndose y modific&#xE1;ndose en constante fluidez.</subfield>
  </datafield>
  <datafield tag="590" ind1=" " ind2=" ">
    <subfield code="a">Inventariado, 2020/VM</subfield>
  </datafield>
  <datafield tag="600" ind1="1" ind2="4">
    <subfield code="a">Belli, Gioconda</subfield>
    <subfield code="d">1948- </subfield>
    <subfield code="x">La cr&#xED;tica y la interpretaci&#xF3;n.</subfield>
    <subfield code="9">77529</subfield>
  </datafield>
  <datafield tag="600" ind1="1" ind2="4">
    <subfield code="a">Eltit, Diamela, </subfield>
    <subfield code="d">1949-  </subfield>
    <subfield code="x">La cr&#xED;tica y la interpretaci&#xF3;n.</subfield>
    <subfield code="9">77530</subfield>
  </datafield>
  <datafield tag="600" ind1="1" ind2="4">
    <subfield code="a"> Peri Rossi, Cristina,</subfield>
    <subfield code="d">1941-  </subfield>
    <subfield code="x">La cr&#xED;tica y la interpretaci&#xF3;n.</subfield>
    <subfield code="9">77531</subfield>
  </datafield>
  <datafield tag="650" ind1=" " ind2=" ">
    <subfield code="a">Literatura hispanoamericana</subfield>
    <subfield code="x">mujeres autoras </subfield>
    <subfield code="x">Historia y cr&#xED;tica.</subfield>
    <subfield code="9">77532</subfield>
  </datafield>
  <datafield tag="830" ind1=" " ind2=" ">
    <subfield code="a">Visiones y cegueras </subfield>
    <subfield code="9">1120</subfield>
  </datafield>
  <datafield tag="910" ind1=" " ind2=" ">
    <subfield code="a">VMateo</subfield>
  </datafield>
  <datafield tag="942" ind1=" " ind2=" ">
    <subfield code="2">ddc</subfield>
    <subfield code="c">LBS1</subfield>
  </datafield>
  <datafield tag="952" ind1=" " ind2=" ">
    <subfield code="0">0</subfield>
    <subfield code="1">0</subfield>
    <subfield code="2">ddc</subfield>
    <subfield code="5">1</subfield>
    <subfield code="7">1</subfield>
    <subfield code="8">PD</subfield>
    <subfield code="a">BNPHU</subfield>
    <subfield code="b">PD</subfield>
    <subfield code="d">2020-12-04</subfield>
    <subfield code="e">Editora B&#xFA;ho</subfield>
    <subfield code="l">0</subfield>
    <subfield code="o">BNPHU PD 860.9 V162q</subfield>
    <subfield code="p">2020-0644</subfield>
    <subfield code="r">2020-12-04</subfield>
    <subfield code="w">2020-12-04</subfield>
    <subfield code="y">LFPD</subfield>
  </datafield>
  <datafield tag="952" ind1=" " ind2=" ">
    <subfield code="0">0</subfield>
    <subfield code="1">0</subfield>
    <subfield code="2">ddc</subfield>
    <subfield code="5">1</subfield>
    <subfield code="7">2</subfield>
    <subfield code="8">PD</subfield>
    <subfield code="a">BNPHU</subfield>
    <subfield code="b">PD</subfield>
    <subfield code="d">2020-12-04</subfield>
    <subfield code="e">Editora B&#xFA;ho</subfield>
    <subfield code="l">0</subfield>
    <subfield code="o">BNPHU PD 860.9 V162q</subfield>
    <subfield code="p">2020-0645</subfield>
    <subfield code="r">2020-12-04</subfield>
    <subfield code="t">e.2</subfield>
    <subfield code="w">2020-12-04</subfield>
    <subfield code="y">LFPD</subfield>
  </datafield>
  <datafield tag="952" ind1=" " ind2=" ">
    <subfield code="0">0</subfield>
    <subfield code="1">0</subfield>
    <subfield code="2">ddc</subfield>
    <subfield code="5">6</subfield>
    <subfield code="7">0</subfield>
    <subfield code="8">DS</subfield>
    <subfield code="a">BNPHU</subfield>
    <subfield code="b">GR</subfield>
    <subfield code="d">2020-12-04</subfield>
    <subfield code="e">Editora B&#xFA;ho</subfield>
    <subfield code="l">0</subfield>
    <subfield code="o">BNPHU DS 860.9 V162q</subfield>
    <subfield code="p">2020-0646</subfield>
    <subfield code="r">2020-12-04</subfield>
    <subfield code="t">e.3</subfield>
    <subfield code="w">2020-12-04</subfield>
    <subfield code="y">LFDS</subfield>
  </datafield>
  <datafield tag="999" ind1=" " ind2=" ">
    <subfield code="c">48468</subfield>
    <subfield code="d">48468</subfield>
  </datafield>
</record>
